书目信息 |
| 题名: |
室内软装设计色彩搭配宝典
|
|
| 作者: | 王东 , 唐太鲜 , 王婧怡 编著 ;重庆大写艺设计教育 编著 | |
| 分册: | ||
| 出版信息: | 北京 人民邮电出版社 2020.08 |
|
| 页数: | 232页 | |
| 开本: | 26cm | |
| 丛书名: | ||
| 单 册: | ||
| 中图分类: | TU238.23 | |
| 科图分类: | ||
| 主题词: | 室内色彩--shi nei se cai--室内装饰设计 | |
| 电子资源: | ||
| ISBN: | 978-7-115-54083-6 | |
| 000 | 01275nam0 2200289 450 | |
| 001 | 202021194377 | |
| 005 | 20211025120147.0 | |
| 010 | @a978-7-115-54083-6@dCNY98.00 | |
| 100 | @a20211004d2020 em y0chiy50 ea | |
| 101 | 0 | @achi |
| 102 | @aCN@b110000 | |
| 105 | @aa z 000yy | |
| 106 | @ar | |
| 200 | 1 | @a室内软装设计色彩搭配宝典@Ashi nei ruan zhuang she ji se cai da pei bao dian@f重庆大写艺设计教育 ... [等] 编著 |
| 210 | @a北京@c人民邮电出版社@d2020.08 | |
| 215 | @a232页@c彩图@d26cm | |
| 300 | @a数艺设 | |
| 304 | @a题名页题其余责任者: 王东, 唐太鲜, 王婧怡 | |
| 330 | @a本书内容涵盖色彩基础理论、软装色彩搭配、软装方案色彩调整、不同软装风格的色彩搭配方法, 不同空间的色彩搭配, 各软装元系的色彩分析及搭配方法, 软装色彩搭配的灵感等。本书除了对软装配色理论和方法的讲解, 同时还会有具体的案例分析, 如不同案例的配色分析、调整思路, 同一户型的不同配色方案, 每个案例都有具体的色值参考, 以及相关的色彩搭配细节知识。 | |
| 606 | 0 | @a室内色彩@Ashi nei se cai@x室内装饰设计 |
| 690 | @aTU238.23@v5 | |
| 701 | 0 | @a王东@Awang dong@4编著 |
| 701 | 0 | @a唐太鲜@Atang tai xian@4编著 |
| 701 | 0 | @a王婧怡@Awang jing yi@4编著 |
| 711 | 02 | @a重庆大写艺设计教育@Achong qing da xie yi she ji jiao yu@4编著 |
| 801 | 0 | @aCN@c20210909 |
| 905 | @a河南城建学院图书馆@dTU238.23@eW152 | |
| 室内软装设计色彩搭配宝典/重庆大写艺设计教育 ... [等] 编著.-北京:人民邮电出版社,2020.08 |
| 232页:彩图;26cm |
| 数艺设 |
| ISBN 978-7-115-54083-6:CNY98.00 |
| 本书内容涵盖色彩基础理论、软装色彩搭配、软装方案色彩调整、不同软装风格的色彩搭配方法, 不同空间的色彩搭配, 各软装元系的色彩分析及搭配方法, 软装色彩搭配的灵感等。本书除了对软装配色理论和方法的讲解, 同时还会有具体的案例分析, 如不同案例的配色分析、调整思路, 同一户型的不同配色方案, 每个案例都有具体的色值参考, 以及相关的色彩搭配细节知识。 |
| ● |
| 相关链接 |
|
|
|
正题名:室内软装设计色彩搭配宝典
索取号:TU238.23/W152
 
预约/预借
| 序号 | 登录号 | 条形码 | 馆藏地/架位号 | 状态 | 备注 |
| 1 | 1543470 | 215434705 | 建筑库101/101建筑库 57排3列2层/ [索取号:TU238.23/W152] | 在馆 |